| 000 | 00000nam 2200000zi 4500 |
| 001 | 9.935766 |
| 003 | CaOODSP |
| 005 | 20241223105743 |
| 006 | m o d f |
| 007 | cr mn||||||||| |
| 008 | 240321t20242024onca o f000 0 swa d |
| 020 | |a9780660708874 |q(PDF) |
| 040 | |aCaOODSP|bfre|erda|cCaOODSP |
| 043 | |an-cn--- |
| 086 | 1 |aH14-581/2024Swa-PDF |
| 245 | 00|aKuzuia kaswende na utunzaji : |bvidokezo kwa mashirika ya jamii. |
| 250 | |a[Édition swahili]. |
| 264 | 1|a[Ottawa] : |b[Agence de santé publique du Canada], |c[2024] |
| 264 | 4|c©2024 |
| 300 | |a1 ressource en ligne (2 pages non numérotées) : |billustrations en couleur |
| 336 | |atexte|btxt|2rdacontent/fre |
| 337 | |ainformatique|bc|2rdamedia/fre |
| 338 | |aressource en ligne|bcr|2rdacarrier/fre |
| 500 | |aPublié aussi en français sous le titre : Prévention et traitement de la syphilis : conseils pour les organismes communautaires; et en anglais sous le titre : Syphilis prevention and care: tips for community-based organizations. |
| 500 | |a« Pub: 230894 » -- Page [2]. |
| 546 | |aTexte en swahili. |
| 650 | 6|aSyphilis|zCanada|xPrévention. |
| 650 | 6|aSyphilis|xTraitement|zCanada. |
| 710 | 2 |aAgence de santé publique du Canada, |eorganisme de publication. |
| 775 | 08|tPrévention et traitement de la syphilis : |w(CaOODSP)9.933993 |
| 791 | |tKuzuia kaswende na utunzaji : |eeng|w(CaOODSP)9.935594 |
| 856 | 40|qPDF|s229 Ko|uhttps://publications.gc.ca/collections/collection_2024/aspc-phac/H14-581-2024-swa.pdf |
| 986 | |a230894 |